000
00322nam a2200121Ia 4500
008
210430s9999 xx 000 0 und d
020
_a
978-81-203-4841-7
082
_a
658.7 C5321M
100
_a
A.K.Chitale,R.C.Gupta
_9
54715
245
_a
Materials managment
_c
A.K.Chitale,R.C.Gupta
300
_a
501
942
_c
BK
_2
ddc
999
_c
565402
_d
565402